| 000 | 00702nam a2200253Ia 4500 | ||
|---|---|---|---|
| 003 | OSt | ||
| 005 | 20220918212739.0 | ||
| 006 | a|||||r|||| 00| 0 | ||
| 007 | ta | ||
| 008 | 220917b |||||||| |||| 00| 0 eng d | ||
| 024 | _a129,991 | ||
| 037 | _cTextual | ||
| 040 |
_aARTS _cARTS _beng |
||
| 041 |
_2eng _aeng |
||
| 082 | _aX:275.1.N8, M6 | ||
| 100 |
_aAdelman I _960239 |
||
| 245 | 0 | _aDesign of alternative development strategies | |
| 260 |
_aRohtak _bJantibbergen Inst of Development _c1986 |
||
| 300 |
_axiv, 330p. _ccm. |
||
| 650 | _aECONOMICS | ||
| 700 |
_a Taylor J E _9124637 |
||
| 942 |
_hX:275.1.N8, M6 _cTEXL _2CC |
||
| 999 |
_c253118 _d253118 |
||